Les aumôniers militaires / (Record no. 71568)

MARC details
000 -LEADER
campo de control de longitud fija 00562nam a2200193 i 4500
001 - NÚMERO DE CONTROL
campo de control 71568
003 - IDENTIFICADOR DE NÚMERO DE CONTROL
campo de control ES-MaACL
005 - FECHA Y HORA DE LA ÚLTIMA TRANSACCIÓN
campo de control 20230906171151.0
007 - CAMPO FIJO DE DESCRIPCIÓN FÍSICA--INFORMACIÓN GENERAL
campo de control de longitud fija t|
008 - DATOS DE LONGITUD FIJA--INFORMACIÓN GENERAL
campo de control de longitud fija 040812s1916 fr ||||1| fre d
100 1# - ENTRADA PRINCIPAL--NOMBRE DE PERSONA
Nombre de persona Geoffroy de Grandmaison, Charles Alexandre.
9 (RLIN) 127286
245 14 - MENCIÓN DEL TÍTULO
Título Les aumôniers militaires /
Mención de responsabilidad, etc. Geoffroy de Grandmaison.
260 ## - PUBLICACIÓN, DISTRIBUCIÓN, ETC.
Lugar de publicación, distribución, etc. París :
Nombre del editor, distribuidor, etc. Bloud et Gay,
Fecha de publicación, distribución, etc. 1916.
300 ## - DESCRIPCIÓN FÍSICA
Extensión 64 p. ;
Dimensiones 19 cm.
490 1# - MENCIÓN DE SERIE
Mención de serie Pages actuelles ;
Designación de volumen o secuencia 47
830 0# - PUNTO DE ACCESO ADICIONAL DE SERIE-TÍTULO UNIFORME
Título uniforme Pages actuelles ;
Designación de volumen o secuencia 47
9 (RLIN) 186476
852 ## - LOCALIZACIÓN
Ubicación ES-MaACL
Número de control de estantería 1547-F-9
Holdings
Estatus retirado Estado de pérdida Estado de daño No para préstamo Colección Biblioteca de origen Biblioteca actual Ubicación en estantería Fecha de adquisición Fuente de adquisición Total de préstamos Signatura topográfica completa Código de barras Visto por última vez Precio de reemplazo Tipo de ítem Koha
        Colección de folletos Biblioteca del Ateneo de Madrid Biblioteca del Ateneo de Madrid Depósito folletos 17/01/2008     1547-F-9 1074926 23/02/2023 23/02/2023 Folleto